| 000 | 00703nam a22001577a 4500 | ||
|---|---|---|---|
| 003 | OSt | ||
| 005 | 20151105154206.0 | ||
| 008 | 151105b xxu||||| |||| 00| 0 eng d | ||
| 040 | _cRUA | ||
| 082 | _aFOR BOR 2000 B126 Or.1 | ||
| 100 |
_93414 _aBORN, VIRAK. |
||
| 245 | _aCotribution of biological study on dipterocarpus costatus preah sihanouk ream national park, វិភាគទាននៃការសិក្សាលក្ខណៈជីវសាស្ត្ររបស់ប្រភេទឈើទាលនាងដែងក្នុងឧទ្យានជាតិព្រះសីហនុ"រាម" | ||
| 260 |
_aPhnom Penh _bRUA _c2000 |
||
| 300 |
_a48p. _bill. _c29cm. |
||
| 942 |
_2ddc _cFOR |
||
| 999 |
_c3184 _d3184 |
||